000 00423cam a22001337a 4500
008 180718b1952 xxu||||| |||| 00| 0 eng d
082 _aT3121x73 An27
100 _aAndrews, P.W.S.
245 _aCapital development in steel: a study of the United Steel Companies Ltd.
_cby P.W.S. Andrews and E. Brunner
260 _aOxford
_bBlackwell
_c1952
300 _a374p.
650 _aUnited Steel Companies
700 _aBrunner, E.
999 _c358381
_d358381